| 000 | 00491nam a2200145 a 4500 | ||
|---|---|---|---|
| 001 | 000040970 | ||
| 005 | 20201002034521.0 | ||
| 008 | 130912s2008 pr c 000 0 spa d | ||
| 020 | _a9780847732500 | ||
| 040 |
_aDO-SdBNP _bspa _cBNPHU |
||
| 245 | 0 | 0 |
_aGabiela Mistral en Puerto Rico / _cSelección y prólogo de Luis de Arrigoitia. |
| 260 |
_aSan Juan, Puerto Rico : _bUniversidad de Puerto Rico, _c2008. |
||
| 300 |
_a163 p. : _bretr. ; _c21 cm. |
||
| 700 | 1 |
_aArrigoitia, Luis de, _epról. _938988 |
|
| 999 |
_c40460 _d40460 |
||